| 000 | 00520nam a2200169Ia 4500 | ||
|---|---|---|---|
| 008 | 090201s9999 xx 000 0 und d | ||
| 010 | _aKPL-2198 | ||
| 040 | _bमराठी | ||
| 041 | _aमराठी | ||
| 082 |
_a53111 _b2198 |
||
| 100 | _aलिपमान हाईल्स | ||
| 245 |
_aभूमीगन _cलिपमान हाईल्स |
||
| 260 |
_c1947 _bअभिनव प्रकाशन पुणे |
||
| 300 |
_a267 _bमोठा |
||
| 600 | _aभूमीगन | ||
| 942 | _cBOOK | ||
| 999 |
_c249535 _d249535 |
||